| 000 | 00743nam a22001697a 4500 | ||
|---|---|---|---|
| 999 |
_c57658 _d57658 |
||
| 003 | Ge_BSU | ||
| 005 | 20200901104809.0 | ||
| 008 | 200901s2019 ge ||||| |||| 00| 0 geo d | ||
| 041 | _ageo | ||
| 080 | _a343.23 ე-18 | ||
| 100 |
_aეგუტიძე, მ. _99353 |
||
| 245 |
_aჯგუფური დანაშაული: _bზოგადი დახასიათება(თანაამსრულებლის და თანამშრომლის გამიჯვნა) / _cმამუკა ეგუტიძე. |
||
| 264 |
_aთბილისი : _bიურისტის სამყარო, _c2019. |
||
| 300 |
_a30 გვ. _b20 სმ. |
||
| 653 | _aსამართალი | ||
| 942 |
_2udc _cBK |
||